000 00718nam a2200253 i 4500
001 117159
003 ES-MaBCM
005 20241016143240.0
008 051129s1963 dza 000 0 spa d
021 _axx
035 _a(OCoLC)928093536
040 _cES-MaBCM
041 1 _aspa
_heng
100 1 _aLocke, John
_926977
245 1 0 _aEnsayo sobre el gobierno civil
_cLocke ; prólogo de Luis Rodríguez Aranda
250 _a3ª ed
260 _aBuenos Aires :
_bAguilar,
_c1963
300 _a261 p., 1 h.
_c16 cm
440 0 _aBiblioteca de iniciación filosófica
_9107616
_v40
650 2 7 _aDemocracia
_958263
650 2 7 _aLiberalismo
_959251
700 1 _aRodríguez Aranda, Luis
_964366
942 _cBK
999 _c117159
_d117159